Ultimate Acteurs français - Statistiques

Statistiques générales
  • Ce quiz a été pris 174 fois
  • Le résultat moyen est 52 sur 90
Statistiques - réponses
Par images Réponse % Correct
Omar Sy
97%
Alain Chabat
94%
Gérard Depardieu
94%
Gérard Jugnot
94%
Jamel Debbouze
94%
Franck Dubosc
93%
Dany Boon
92%
Christian Clavier
91%
Kad Merad
91%
Pierre Niney
90%
Jean Dujardin
89%
Louis de Funes
88%
Jean Reno
85%
Thierry Lhermitte
85%
Bourvil
82%
Guillaume Canet
82%
Jean-Paul Rouve
82%
Fernandel
79%
Gérard Darmon
78%
Vincent Cassel
77%
François Cluzet
76%
François Damiens
75%
Alain Delon
72%
Fabrice Luchini
72%
Jacques Villeret
72%
Michel Blanc
72%
Jean-Paul Belmondo
71%
Pierre Richard
71%
Gilles Lellouche
70%
José Garcia
70%
Daniel Auteuil
66%
Jean-Pierre Bacri
66%
Jean Rochefort
66%
Vincent Lindon
66%
Clovis Cornillac
65%
Benoît Poelvoorde
64%
Claude Brasseur
63%
Lambert Wilson
63%
Michel Galabru
63%
Edouard Baer
62%
Romain Duris
62%
Laurent Lafitte
61%
Lino Ventura
60%
Gérard Lanvin
58%
Gaspard Ulliel
57%
François-Xavier Demaison
56%
Jean Gabin
56%
Vincent Lacoste
56%
Pierre Arditi
55%
Richard Anconina
55%
Benoît Magimel
53%
François Berléand
52%
Mathieu Kassovitz
52%
Pio Marmaï
52%
Yves Montand
52%
Patrick Dewaere
51%
Bernard Blier
50%
Michel Serrault
50%
Samy Naceri
50%
Albert Dupontel
47%
André Dussolier
46%
Guillaume Gallienne
46%
Jean Lefebvre
46%
Richard Berry
46%
Jean Marais
45%
Roschdy Zem
45%
Yvan Attal
45%
Daniel Prévost
44%
Christophe Lambert
42%
Michel Piccoli
42%
Philippe Noiret
41%
Claude Rich
40%
Guy Marchand
39%
Jean Carmet
39%
Jean-Pierre Darroussin
39%
Jean-Louis Trintignant
37%
Pierre Mondy
36%
Reda Kateb
34%
Tomer Sisley
34%
Jean-Hugues Anglade
27%
Mathieu Amalric
27%
Samuel Le Bihan
26%
Michel Bouquet
23%
Jean Yanne
22%
Hippolyte Girardot
20%
Philippe Torreton
17%
Vincent Perez
17%
Olivier Gourmet
16%
Paul Meurisse
16%
Charles Vanel
11%
Aucun quiz correspondant
Distribution des résultats
% des personnes avec chaque résultat
Percentile par nombre de réponses
Votre historique - résultats
Vous n’avez pas pris ce quiz